000 00703nam a2200217Ia 4500
001 22355
003 GE_BSU
008 181216s||||||||xx |||||||||||||| ||und||
040 _cGE_BSU
245 _aВрач. №2. Февраль 2018
245 _bЕжемесячный научно-практический журнал
245 _cГл.ред. Денисов И.Н. и др,
260 _aМосква
260 _c2018
300 _a88 стр. 29см. илл.
653 _aВрач. №2. Февраль 2018
653 _aежемесячный научно-практический журнал
653 _aПериодика
653 _aპერიოდიკა
942 _cCR
999 _c55279
_d55279